Cargando...

Manjunathagadyagauravam/

Detalles Bibliográficos
Autor principal: Radhavallabha Tripati
Otros Autores: Achudananda Das
Formato: Printed Book
Publicado: Delhi: Prathibha Prakasan, 2004.
Materias:
LEADER 01053nam a22002177a 4500
020 |a 8177020927 
082 |a S4  |b RAD/M 
100 |a Radhavallabha Tripati 
245 |a Manjunathagadyagauravam/  |c by Radhavallabha Tripati; Achudananda Das. 
260 |a Delhi:  |b Prathibha Prakasan,  |c 2004. 
300 |a 252p. 
650 |a Essays Sanskrit 
650 |a Literature Sanskrit 
650 |a Literature 
700 |a Achudananda Das 
942 |c BK 
999 |c 58628  |d 58628 
952 |0 0  |1 0  |4 0  |6 S_4_000000000000000_RAD_M  |7 0  |9 81827  |a SSUS  |b SSUS  |c STACKS  |d 2016-02-04  |g 450.00  |o S4 RAD/M  |p 080132  |r 2016-02-04  |w 2016-02-04  |y BK 
952 |0 0  |1 0  |4 0  |6 S_4_000000000000000_RAD_M  |7 0  |9 81828  |a SSUS  |b SSUS  |c STACKS  |d 2016-02-04  |g 450.00  |l 1  |o S4 RAD/M  |p 080133  |r 2019-08-21  |s 2019-08-20  |w 2016-02-04  |y BK 
952 |0 0  |1 0  |4 0  |6 S_4_000000000000000_RAD_M  |7 0  |9 81829  |a SSUS  |b SSUS  |c STACKS  |d 2016-02-15  |g 450.00  |o S4 RAD/M  |p 080762  |r 2016-02-15  |w 2016-02-15  |y BK 
952 |0 0  |1 0  |4 0  |6 S_4_000000000000000_RAD_M  |7 0  |9 81830  |a SSUS  |b SSUS  |c STACKS  |d 2016-02-15  |g 450.00  |o S4 RAD/M  |p 080763  |r 2016-02-15  |w 2016-02-15  |y BK